Most Popular Music Genres in the World - Statistics

General Stats
  • This quiz has been taken 144 times
  • The average score is 7 of 10
Answer Stats
Place Player % Correct
2. Pop
100%
3. Rock
97%
1. Hip-Hop / Rap
90%
9. Jazz
78%
4. Country
67%
10. Classical
63%
8. R&B / Soul
58%
5. EDM
53%
7. K-pop
43%
6. Latin music
38%
No matching quizzes found
Score Distribution
Percent of People with Each Score
Percentile by Number Answered
Your Score History
You have not taken this quiz